Responses for show #4230 - Friday, January 10, 2003

2003 Holiday Kids Week game 5.

Contestants

Madeleine Schwartz, a twelve-year-old from New York, New York

Chad Mosher, a seventh-grader from Flint, Michigan

Amber Key-Murphy, from Dallas, Texas

Jeopardy! Round responses

AROUND THE WORLD
TOYS & GAMES
I'M SUPERSTITIOUS!
AESOP A.S.A.P.
THE WHITE HOUSE
ARE "WE" THERE YET?
    $200 16
New Zealand

Madeleine
    $200 1
Barbie

Chad
    $200 11
the wishbone

Amber
    $200 18
mouse

Chad
    $200 20
John Adams

Chad
    $200 6
weave

Chad
    $400 17
Chile

Chad
    $400 2
Uno

Amber
    $400 12
a four-leaf clover

Amber
    $400 19
(Alex: You can break one [*], but it's hard to break a bundle of [*]. Chad, go again.)

sticks

Triple Stumper
    $400 21
(Amber: What is a light? A light switch?)
(Alex: Yeah, a light, [*]. Turn it on and off. You bet.)

electricity

Amber
    $400 7
wedding (cake)

Madeleine
    $700 28
(Chad: $700 please.)
(Alex: $700? All right. Here is the clue in AROUND THE WORLD...)
...
(Chad: What are the Appalachians?)
(Alex: Oh, no. What are [*]? 25,000 feet. That's very tall. Select again though. You're still in the lead.)

the Himalayas

Chad
    $600 3
a Beanie Baby

Chad
    $600 13
a black cat

Chad
    $600 22
(Madeleine: [*]. What are [*]?)

grapes

Madeleine
    $600 25
green (or red or blue)

Chad
    $600 8
weather

Chad
    $800 29
(Alex: They border [*]. The last clue for $1000. Let's take a look at it.)

the Sinai Peninsula

Triple Stumper
    $800 4
Sorry!

Madeleine
    $800 14
a mirror

Amber
    $800 23
sheep

Amber
    $800 26
the District of Columbia

Chad
    $800 9
Webster

Chad
    $1000 30
(Madeleine: What is Kuwait?)
(Alex: What's the capital of Iraq? [*]. All right, we have Madeleine at $1,000. She's in third place. She will select first in Double Jeopardy! And it's very close between Amber and Chad. $500 separating the two of them, but Chad is in the lead as we take this break.)

Baghdad

Madeleine
Triple Stumper
    $1000 5
Yahtzee

Chad
    $1000 15
(Alex: That takes you to $3800. That's just $200 off the lead that Chad enjoys right now, and Madeleine in good shape with $1200. Let's take our break right now.)

a ladder

Amber
    $1000 24
ants

Amber
    $1000 27
the War of 1812

Chad
    $1000 10
the "weakest link"

Amber

Scores at the first commercial break (after clue 15):

Amber Chad Madeleine
$3,800 $4,000 $1,200

Scores at the end of the Jeopardy! Round:

Amber Chad Madeleine
$6,000 $6,500 $1,000

Double Jeopardy! Round responses

AROUND THE MALL
OLD TESTAMENT NAMES
ANIMATED MOVIES
FUN IN THE SNOW
CONQUERORS
DOUBLE-LETTER WORDS
    $400 13
the food court

Amber
    $400 5
(Alex: Hey, you ran the category and you are now in the lead as a result. Well done. Go again, Madeleine.)

Adam

Madeleine
    $400 11
Snow White

Chad
    $400 6
a leash

Triple Stumper
    $400 7
Napoleon (I)

Madeleine
    $400 18
Kitty

Chad
    $800 23
(The) Gap

Madeleine
    $800 1
Joseph

Madeleine
    $800 12
Pocahontas

Chad
    $800 17
the Rockies

Amber
    $800 8
William the Conqueror

Madeleine
    $800 19
Gryffindor

Chad
    $1200 25
Hut

Madeleine
    $1,500 2
(Alex: Here's a chance for you to get back into the thick of this, Madeleine. You have $1,800, but you can risk up to $2,000.)
(Madeleine: Um, I'll risk $1,500.)
(Alex: All right, here is the clue in OLD TESTAMENT NAMES...)
...
(Alex: [*] is right, yes. It's a good thing you got that. Go again.)

Elijah

Madeleine
    $1200 14
(Amber: What is stallion?)

Spirit

Amber
Triple Stumper
    $1200 28
bunny (slope)

Amber
    $1200 9
India

Madeleine
    $1200 20
cocoon

Chad
    $1600 26
Discovery

Chad
    $1600 3
(King) David

Madeleine
    $1600 15
Heaven

Amber
    $1600 29
(Chad: What is surf and... [shakes head])

surfer and snow

ChadMadeleine
    $1600 10
Ivan

Chad
    $3,000 21
(Alex: You now enjoy a $2,000 lead over Madeleine, and a $2,100 lead over Amber.)
(Chad: $3,000.)
(Alex: Okay, here is the clue in DOUBLE-LETTER WORDS...)
...
(Alex: [*], yes.)

Lloyd

Chad
    $2000 27
KB

Chad
    $2000 4
Ruth

Madeleine
    $2000 16
Simba

Amber
    $2000 30
reaction

Chad
    $2000 24
(Alex: Less than a minute now.)

Hannibal

Madeleine
    $2000 22
(Alex: And that would be an [*]. Chad.)

alloy

Triple Stumper

Scores at the end of the Double Jeopardy! Round:

Amber Chad Madeleine
$10,800 $18,700 $15,300

[wagering suggestions for these scores]

Final Jeopardy! Round responses

NONFICTION BOOKS
AmberWho is ??
$5,000
MadeleineWho is Tolkien?
$15,000
ChadWho is Mark Twain?
$12,500
J.R.R. Tolkien

Final scores:

Amber Chad Madeleine
$5,800 $6,200 $30,300
3rd place: $1,000 + an HP Media Center computer package 2nd place: $2,000 + an HP Media Center computer package Winner: $30,300 + an HP Media Center computer package

Game dynamics:

Coryat scores:

Amber Chad Madeleine
$10,800 $18,000 $15,000
14 R,
1 W
23 R
(including 1 DD),
2 W
(including 1 DD)
16 R
(including 1 DD),
1 W

Combined Coryat: $43,800

The J! Archive is created by fans, for fans. The Jeopardy! game show and all elements thereof, including but not limited to copyright and trademark thereto, are the property of Jeopardy Productions, Inc. and are protected under law. This website is not affiliated with, sponsored by, or operated by Jeopardy Productions, Inc. Join the discussion at JBoard.tv.